000 03140nam a2200265Ia 4500
003 OSt
005 20211103113745.0
008 210310t2014 sp fr 001 0dspa d
020 _a9788495348968
040 _aCO-JMCR
_cCO-JMCR
041 1 _aspa
_heng
082 0 4 _a338.9 /
_bW582c
_223
100 1 _aWhite, Lawrence H.,
_918119
_eautor
245 1 3 _aEl choque de ideas económicas :
_blos grandes debates de política económica de los últimos cien años /
_cLawrence H. White ; traducción de Francisco Beltrán
260 _aBarcelona :
_bAntoni Bosch Editor,
_c©2014
300 _a511 páginas ;
_c23 cm.
500 _aTítulo original: The Clash of Economic Ideas: The Great Policy Debates and Experiments of the Last Hundred Years Incluye notas a pie de página, índice analítico y datos biográficos del autor.
505 0 _aEl rechazo del laissez-faire -- La Revolución bolchevique y el debate sobre el cálculo socialista -- Los locos años veinte y la teoría austriaca del ciclo económico -- El New Deal y la economía institucional -- La Gran Depresión y la Teoría general de Keynes -- La Segunda Guerra Mundial y el camino de servidumbre de Hayek -- El socialismo de posguerra en Gran Bretaña y la Sociedad Fabiana -- La Sociedad Mont Pelerin y el renacimiento de la economía de Smith -- El milagro económico alemán de posguerra y el ordoliberalismo -- La planificación india y la economía del desarrollo -- Bretton Woods y la teoría monetaria internacional -- La gran inflación y el monetarismo -- El crecimiento del Estado. Bienes públicos y elección pública -- Libre comercio, proteccionismo y déficit comerciales -- Del dulce déficit fiscal a la amarga crisis de la deuda soberana adice analítico
520 3 _aEste libro nos acerca a las más señaladas disputas entre economistas, y a la relación entre los planteamientos teóricos y los grandes experimentos de política eco nómica de los últimos cien años. White nos ofrece una lúcida visión del liberalismo económico, la economía mixta, el socialismo y el fascismo, los locos años veinte, las teorías del ciclo económico y la Gran Depresión, la economía institucionalista y el New Deal, la revolución keynesiana, la influencia de la guerra en las doctrinas económicas, las nacionalizaciones y la planificación centralizada. En definitiva, un viaje por las ideas que han marcado el pensamiento económico hasta su forma actual: ¿Cómo combatir la pobreza, la desigualdad, el paro? ¿Cómo promover un crecimiento equilibrado? ¿Austeridad, gasto público, regulación, privatizaciones? ¿Una política monetaria restrictiva o laxa? ¿Qué tipo de reforma del mercado laboral? ¿Ahorro, consumo, inversión, productividad? En la actualidad, cuando el eje central de todo proyecto político es su programa económico, la lectura de esta obra ayuda a entender la raíz de las opciones que pugnan por el poder.
546 _aTraducido del inglés.
650 1 4 _aEconomía
_918121
_xHistoria
_ySiglo XX
650 2 4 _aEmpresas y economía
_941396
700 1 _aBeltrán, Francisco,
_etraductor
_941397
942 _2ddc
_cBK
999 _c8730
_d8730